00988nam a2200241 a 45000010005000000030005000050050017000100080041000270200015000680400020000831000037001032450245001402600047003853000011004324900053004436500047004966500031005437000026005747000024006009420013006249990015006379520094006521999CDMR20131113135255.0130130s1994||||||||||||||||||||||||||||d a847585625X aCDMRbcatcCDMR1 aDiezhandino, María Pilar9149213aLa elite de los periodistasb: cómo son, que piensan, de qué forma entienden la profesión, quién les presiona y cuáles son las aficiones de los periodistas más importantescMaría Pilar Diezhandino, Ofa Bezunartea, César Coca aBilbaoc1994bUniversidad del País Vasco a236 p.0 aComunicación (Universidad del País Vasco)v20493782aPeriodistesxPràctica professional0493726aPeriodisteszEspanya1 92178aBezunartea, Ofa1 93688aCoca, César cMON2udc c1999d1999 00104070aCDMRbCDMRd2013-01-16l0oCi 8/16pCDMR13119722r2013-01-16w2013-01-16yMON